Химия и аналитическая химия урана и тория: учебное пособие
| Главный автор: | |
|---|---|
| Автор-организация: | |
| Другие авторы: | |
| Примечания: | Заглавие с титульного экрана В учебном пособии изложены некоторые разделы аналитической химии, посвященные качественному и количественному определению урана, тория и их соединений. Рассмотрены и описаны химические свойства наиболее важных соединений этих элементов, применяемых в аналитической химии. Данное пособие предназначено для студентов, обучающихся по специальностям: "Химическая технология редких, рассеянных и радиоактивных элементов", "Физикоэнергетические установки", "Электроника, автоматика физических установок", "Техническая физика", при выполнении лабораторных работ по дисциплинам "Спецхимия", "Химия редких, рассеянных, радиоактивных элементов", "Спецкурс 43", "Аналитическая химия урана, плутония и тория". Режим доступа: из корпоративной сети ТПУ |
| Язык: | русский |
| Опубликовано: |
Томск, Изд-во ТПУ, 2011
|
| Предметы: | |
| Online-ссылка: | http://www.lib.tpu.ru/fulltext2/m/2012/m272.pdf |
| Формат: | Электронный ресурс Книга |
| Запись в KOHA: | https://koha.lib.tpu.ru/cgi-bin/koha/opac-detail.pl?biblionumber=217155 |
MARC
| LEADER | 00000nlm0a2200000 4500 | ||
|---|---|---|---|
| 001 | 217155 | ||
| 005 | 20240206141826.0 | ||
| 035 | |a (RuTPU)RU\TPU\book\237142 | ||
| 090 | |a 217155 | ||
| 100 | |a 20120531d2011 k y0rusy50 ca | ||
| 101 | 0 | |a rus | |
| 102 | |a RU | ||
| 105 | |a a j 001zy | ||
| 135 | |a drcn ---uucaa | ||
| 181 | 0 | |a i | |
| 182 | 0 | |a b | |
| 200 | 1 | |a Химия и аналитическая химия урана и тория |e учебное пособие |f Г. В. Каляцкая, А. Н. Страшко |g Национальный исследовательский Томский политехнический университет (ТПУ) | |
| 203 | |a Текст |c электронный | ||
| 210 | |a Томск |c Изд-во ТПУ |d 2011 | ||
| 300 | |a Заглавие с титульного экрана | ||
| 330 | |a В учебном пособии изложены некоторые разделы аналитической химии, посвященные качественному и количественному определению урана, тория и их соединений. Рассмотрены и описаны химические свойства наиболее важных соединений этих элементов, применяемых в аналитической химии. Данное пособие предназначено для студентов, обучающихся по специальностям: "Химическая технология редких, рассеянных и радиоактивных элементов", "Физикоэнергетические установки", "Электроника, автоматика физических установок", "Техническая физика", при выполнении лабораторных работ по дисциплинам "Спецхимия", "Химия редких, рассеянных, радиоактивных элементов", "Спецкурс 43", "Аналитическая химия урана, плутония и тория". | ||
| 333 | |a Режим доступа: из корпоративной сети ТПУ | ||
| 337 | |a Adobe Reader | ||
| 606 | 1 | |a Уран |x Химия |2 stltpush |3 (RuTPU)RU\TPU\subj\70326 |9 84656 | |
| 606 | 1 | |a Торий |x Химия |2 stltpush |3 (RuTPU)RU\TPU\subj\70328 |9 84657 | |
| 610 | 1 | |a учебные пособия | |
| 610 | 1 | |a труды учёных ТПУ | |
| 610 | 1 | |a электронный ресурс | |
| 610 | 1 | |a аналитическая химия | |
| 610 | 1 | |a качественное определение | |
| 610 | 1 | |a количественное определение | |
| 610 | 1 | |a химическая технология | |
| 610 | 1 | |a редкие элементы | |
| 610 | 1 | |a рассеянные элементы | |
| 610 | 1 | |a радиоактивные элементы | |
| 610 | 1 | |a плутоний | |
| 675 | |a 546.791(075.8) |v 3 | ||
| 675 | |a 546.795(075.8) |v 3 | ||
| 700 | 1 | |a Каляцкая |b Г. В. |c российский химик-технолог |c доцент Томского политехнического университета |c кандидат технических наук |c выпускник ХТФ Томского политехнического института 1953 г. |f 1931- |g Галина Васильевна |3 (RuTPU)RU\TPU\pers\27759 | |
| 701 | 1 | |a Страшко |b А. Н. |c химик-технолог |c ассистент Томского политехнического университета, кандидат технических наук |f 1984- |g Александр Николаевич |3 (RuTPU)RU\TPU\pers\27926 |9 12929 | |
| 712 | 0 | 2 | |a Национальный исследовательский Томский политехнический университет (ТПУ) |c (2009- ) |3 (RuTPU)RU\TPU\col\15902 |
| 801 | 1 | |a RU |b 63413507 |c 20120531 | |
| 801 | 2 | |a RU |b 63413507 |c 20160405 |g RCR | |
| 856 | 4 | |u http://www.lib.tpu.ru/fulltext2/m/2012/m272.pdf | |
| 942 | |c CF | ||